=LDR 00000nam 2200000 4500 =001 INLIS000000000032322 =005 20130612134332 =008 ***********************************ind** =035 ##$$0010-061300000032322 =041 ##$$a ind =082 ##$$a 2X4.15 =090 ##$$a 2X4.15, Alm m =100 ##$$a AL - MUKAFFI, Abdurrahman =245 ##$$a Menjaga kemamburan saat anda berhaji dan umrah, Abdurrahman Al - Mukaffi =260 ##$$a 2008 $b Jakarta =300 ##$$a xii, 240 hlm, 15 cm =650 ##$$a Haji dan Umrah - Islam =850 ##$$a NBPNMAT